Statistics for UK Birds Picture

Click here to take the quiz!

General Stats

  • This quiz has been taken 64 times
  • The average score is 24 of 60

Answer Stats

Answer% Correct
Blue Tit
92%
Robin
92%
Blackbird
86%
Gold Finch
86%
kingfisher
83%
Puffin
81%
Bullfinch
64%
Grey Heron
61%
Herring Gull
58%
Buzzard
56%
Kestrel
56%
Swallow
56%
Mandarin Duck
53%
Cormorant
50%
Gannet
50%
Swift
50%
White Tailed Eagle
50%
Crested Tit
44%
Reed warbler
44%
Tree Sparrow
44%
Waxwing
44%
Barnacle Goose
42%
Chaffinch
42%
Dunnock
42%
Bittern
39%
Long Tailed Tit
39%
Redwing
39%
Whooper Swan
39%
Avocet
36%
Eider
36%
Sand Martin
36%
Snow Bunting
36%
Bearded Tit
33%
Bee-eater
33%
Black Grouse
33%
Fieldfare
31%
Goosander
31%
Great Crested Grebe
31%
Manx Shearwater
31%
Pintail
31%
Red Legged Partridge
31%
Wigeon
31%
Cattle Egret
28%
Little Grebe
28%
Little Ringed Plover
28%
Whitethroat
28%
Dotterel
25%
Little Tern
25%
Dunlin
22%
Great Northern Diver
22%
Lesser Redpoll
22%
Long Tailed Duck
22%
Mediterranean Gull
22%
Quail
22%
Meadow Pipit
19%
Purple Sandpiper
19%
Sedge Warbler
19%
Stone Curlew
19%
Great Skua
17%
Wood Lark
14%

Score Distribution

Percentile by Number Answered

Percent of People with Each Score

Your Score History

You have not taken this quiz